000
00295nam a22001217a 4500
020
_a
0904655083
082
_a
332.6 MOR
100
_a
Morgan, E Victor
245
_a
Capital markets in the eec
260
_a
London
_b
A wilton House special study
_c
1977
300
_a
495p.
_b
ill, 25cm
942
_c
BK
999
_c
15318
_d
15318